000 00729cab a2200241 4500
001 ABS54964
008 090401t1996 xxu||||| |||| 00| 0 eng d
035 _a(Sirsi) u13395
041 _aeng
245 _aHousing Bill in shreds
260 _c1996
350 _a0
490 _aHousing and Planning Review
_v51(2) April & May 1996, 4-5(2)
520 _aLooks at the shortfalls and revisions in the Housing Bill including provisions for the homeless, rent restrictions and dealing with nuisance neighbours.
650 _aHOMELESSNESS
650 _aHOUSING BILL
650 _aNUISANCE NEIGHBOURS
650 _aRENT RESTRICTIONS
650 _aSOCIAL HOUSING
690 _aHOUSING
942 _n0
948 _c04/03/1997
999 _c8639
_d8639